[Event "Vaxjo op"]
[Site "Vaxjo"]
[Date "2016.02.19"]
[Round "3"]
[White "Swensson, Anders"]
[Black "Jonsson, Mikael"]
[Result "1-0"]
[WhiteElo "2230"]
[BlackElo "2284"]
[PlyCount "41"]
[EventDate "2016.02.19"]
[EventType "swiss"]
[EventRounds "8"]
[EventCountry "SWE"]
[SourceTitle "CBM 170 Extra"]
[Source "ChessBase"]
[SourceDate "2016.02.25"]
[SourceVersion "1"]
[SourceVersionDate "2016.02.25"]
[SourceQuality "1"]

1. c4 c5 2. g3 Nc6 3. Bg2 Nf6 4. Nc3 e6 5. e4 d6 6. d3 Be7 7. Nge2 0-0 8. f4 a6 9. 0-0 Qc7 10. h3 Rb8 11. a4 Bd7 12. Be3 Rfd8 13. b3 Be8 14. Rc1 Qb6 15. g4 Nd4 16. Rb1 e5 17. g5 Nxe2+ 18. Qxe2 Qb4 19. gxf6 Bxf6 20. Nd5 Qa5 21. Bd2 1-0